| 000 | 00000cas 2200000za 4500 |
| 001 | 9.848664 |
| 003 | CaOODSP |
| 005 | 20260306134308 |
| 007 | cr ||||||||||| |
| 008 | 171212d19892015onc x m o f0 b0fre|d |
| 040 | |aCaOODSP|bfre |
| 043 | |an-cn--- |
| 086 | 1 |aPS83-6F-PDF |
| 130 | 0 |aRésumé de recherche (Service correctionnel Canada) |
| 245 | 10|aRésumé de recherche. |
| 246 | 1 |aSommaire de recherche|f1991 |
| 264 | 1|a[Ottawa] : |bService correctionnel du Canada, |c[1989?] |
| 310 | |aIrrégulier |
| 500 | |aPubl. aussi en anglais sous le titre : Research brief. |
| 692 | 07|2gccst|aJustice pénale |
| 692 | 07|2gccst|aRecherche |
| 710 | 2 |aService correctionnel Canada. |bDirection de la recherche. |
| 775 | 08|tResearch brief.|w(CaOODSP)9.506656 |
| 780 | 00|tRapport de synthèse |w(CaOODSP)9.503042 |